[Event "Misurata op"]
[Site "Misurata"]
[Date "2022.12.11"]
[Round "5"]
[White "Abuanza, Mousa"]
[Black "Ajmal, Seraj Mohamed"]
[Result "1-0"]
[WhiteElo "1886"]
[BlackElo "1640"]
[PlyCount "105"]
[EventDate "2022.12.08"]
[EventType "swiss"]
[EventRounds "9"]
[EventCountry "LBY"]
[SourceTitle "EXT 2024"]
[Source "ChessBase"]
[SourceDate "2023.10.10"]
[SourceVersion "1"]
[SourceVersionDate "2023.10.10"]
[SourceQuality "1"]

1. d4 e6 2. c4 d5 3. Nf3 c5 4. cxd5 exd5 5. Nc3 Nf6 6. Bg5 Be7 7. e3 h6 8. Bh4 a6 9. Be2 Be6 10. Rc1 Nbd7 11. 0-0 b5 12. dxc5 Nxc5 13. Nd4 0-0 14. Nc6 Qc7 15. Nxe7+ Qxe7 16. Bxf6 Qxf6 17. Nxd5 Bxd5 18. Qxd5 Ne6 19. Rc2 Rfd8 20. Qb7 Rdb8 21. Qf3 Qxf3 22. Bxf3 Ra7 23. b4 a5 24. Rb1 axb4 25. Rxb4 Rc7 26. Rxc7 Nxc7 27. Be2 Nd5 28. Rxb5 Rxb5 29. Bxb5 Nc3 30. Bc4 Kf8 31. f3 Ke7 32. Kf1 f6 33. Ke1 Kd6 34. Kd2 Nb1+ 35. Kc2 Kc5 36. Bd3 Na3+ 37. Kc3 h5 38. f4 h4 39. e4 g6 40. e5 fxe5 41. fxe5 g5 42. h3 Kd5 43. Kb4 Kxe5 44. Kxa3 Kd5 45. Kb4 Kd4 46. Be2 Kd5 47. Kb5 Kd6 48. Kb6 Kd7 49. a4 Kc8 50. a5 Kb8 51. a6 g4 52. a7+ Ka8 53. Bb5 1-0